Estimating the effects of teaching on the costs of inpatient care : the case of radiology treatments /

Bibliographic Details
Main Author: Massell, Adele P.
Corporate Authors: Rand Corporation, United States. Health Resources Administration, United States. Department of Health, Education, and Welfare. Office of the Assistant Secretary for Planning and Evaluation
Other Authors: Hosek, James R.
Format: Book
Language:English
Published: Santa Monica : Rand, [1975]
Subjects:

MARC

Tag First Indicator Second Indicator Subfields
LEADER 00000cam a2200000 i 4500
001 in00001087021
005 20150929110904.0
008 760316s1975 cau b 000 0 eng d
035 |a (OCoLC)02051484 
035 |9 AFQ3462AM 
040 |a SUC  |c SUC  |d CLU  |d m.c.  |d TXA  |d UtOrBLW 
049 |a TXAM 
060 0 |a WX 157 M415e 1975 
090 |a RA971.3  |b .M37 1975  
100 1 |a Massell, Adele P. 
245 1 0 |a Estimating the effects of teaching on the costs of inpatient care :  |b the case of radiology treatments /  |c Adele P. Massell, James R. Hosek. 
264 1 |a Santa Monica :  |b Rand,  |c [1975] 
300 |a ix, 3l pages :  |b illustrations ;  |c 28 cm. 
336 |a text  |b txt  |2 rdacontent 
337 |a unmediated  |b n  |2 rdamedia 
338 |a volume  |b nc  |2 rdacarrier 
500 |a "Prepared for the Health Resources Administration and the Office of the Assistant Secretary for Planning and Evaluation of the Department of Health, Education, and Welfare." 
504 |a Includes bibliographic references. 
500 |a "R-751-HEW." 
500 |a "August 1975." 
650 0 |a Hospital care  |z United States  |x Costs. 
650 0 |a Hospitals  |x Radiological services. 
650 2 |a Costs and Cost Analysis. 
650 2 |a Economics, Hospital. 
650 2 |a Hospitals, Teaching. 
650 2 |a Radiology. 
710 2 |a Rand Corporation. 
700 1 |a Hosek, James R. 
710 1 |a United States.  |b Health Resources Administration. 
710 1 |a United States.  |b Department of Health, Education, and Welfare.  |b Office of the Assistant Secretary for Planning and Evaluation. 
999 |a MARS 
999 f f |s 4c70609e-e5cf-3621-b3b1-a51fb02f293c  |i e22fdbb6-d3ef-3405-a7ff-8bbb1e392e64  |t 0 
952 f f |p ric  |a Texas A&M University  |b Rellis Campus  |c Joint Library Facility  |d Remote Storage  |t 0  |e RA971.3 .M37 1975  |h Library of Congress classification  |i unmediated -- volume  |m A14816233367 
998 f f |a RA971.3 .M37 1975  |t 0  |l Remote Storage